ბათუმის შოთა რუსთაველის სახელმწიფო უნივერსიტეტის ბიბლიოთეკა

საუბრები ძველ ქართულ ლიტერატურაზე (ბიბ.ჩანაწერი № 56100)

000 -LEADER
fixed length control field 01119nam a2200253Ia 4500
001 - CONTROL NUMBER
control field 23201
003 - CONTROL NUMBER IDENTIFIER
control field GE_BSU
008 - FIXED-LENGTH DATA ELEMENTS--GENERAL INFORMATION
fixed length control field 181216s||||||||xx |||||||||||||| ||und||
040 ## - CATALOGING SOURCE
Transcribing agency GE_BSU
080 ## - UNIVERSAL DECIMAL CLASSIFICATION NUMBER
Universal Decimal Classification number 821.353.1.09
100 ## - MAIN ENTRY--PERSONAL NAME
Personal name მურღულია, გია.გიორგი ალიბეგაშვილი, ვასილ მაღლაფერიძე
245 ## - TITLE STATEMENT
Title საუბრები ძველ ქართულ ლიტერატურაზე
245 ## - TITLE STATEMENT
Remainder of title დამხმ. სახელმძღვ. ქართ. ლიტერატურაში
245 ## - TITLE STATEMENT
Statement of responsibility, etc. რედ.: რ. სირაძე
260 ## - PUBLICATION, DISTRIBUTION, ETC.
Place of publication, distribution, etc. თბილისი
260 ## - PUBLICATION, DISTRIBUTION, ETC.
Name of publisher, distributor, etc. განათლება
260 ## - PUBLICATION, DISTRIBUTION, ETC.
Date of publication, distribution, etc. 1992
300 ## - PHYSICAL DESCRIPTION
Extent 316 გვ. 21 სმ.
653 ## - INDEX TERM--UNCONTROLLED
Uncontrolled term საუბრები ძველ ქართულ ლიტერატურაზე
653 ## - INDEX TERM--UNCONTROLLED
Uncontrolled term ქართული ლიტერატურა
653 ## - INDEX TERM--UNCONTROLLED
Uncontrolled term ქართული ლიტერატურის ისტორია და კრიტიკა.
942 ## - ADDED ENTRY ELEMENTS (KOHA)
Koha item type წიგნი
ეგზემპლარები
Withdrawn status Lost status Damaged status Not for loan Date acquired Barcode Date last seen Price effective from Koha item type Public note
        2018-12-17 00514 2018-12-17 2018-12-17 წიგნი ქსეროქსი